000 00323nam a22001217a 4500
008 180522b xxu||||| |||| 00| 0 eng d
041 _aeng
080 _a043.3
100 _a0
101 _aSHKI-MTH
245 _aMenaxhimi i Proçeseve të Printimit Optimizimi dhe Teknologjitë e Printimit
_cDemiri, H
942 _2udc
_cBK
999 _c46201
_d46201